|
|
|
|
| LEADER |
00000cam a2200000 7i4500 |
| 001 |
0000028501 |
| 005 |
20260311.0 |
| 008 |
260226ss1999 my # x h f0 k eng#d |
| 040 |
|
|
|a INS
|b eng
|d INS
|e rda
|
| 090 |
0 |
0 |
|a HD1387
|b .M35 2014
|
| 245 |
0 |
0 |
|a Malaysian Estate Agency Standards
|c The Board of Valuers Appraisers And Estate Agents Malaysia
|
| 250 |
|
|
|a Second Edition 2014
|
| 264 |
|
1 |
|a Bangsar,Kuala Lumpur :
|b The Board of Valuers Appraisers And Estate Agents Malaysia
|c 2014
|
| 264 |
|
4 |
|c ©2005
|
| 300 |
|
|
|a 44 pages ;
|c 21 cm.
|
| 336 |
|
|
|a text
|2 rdacontent
|
| 337 |
|
|
|a unmediated
|2 rdamedia
|
| 338 |
|
|
|a volume
|2 rdacarrier
|
| 500 |
|
|
|a Includes standard forms at the end of the volume.
|
| 505 |
1 |
|
|a Standard 1. The estate agency office Standard 2. Real estate negotiators -- Standard 3. Types of estate agency Standard 4. Estate agency fees Standard 5. Terms of engagement Standard 6. Advertisement/marketing Standard 7. Co-agency practice -- Standard 8. Viewing/inspections Standard 9. Client's accounts.
|
| 650 |
|
0 |
|
| 650 |
|
0 |
|a Real estate agents
|x Professional ethics
|z Malaysia.Real estate business
|x Law and legislation
|z Malaysia.
|
| 650 |
|
0 |
|a Real estate business
|x Standards
|z Malaysia.
|
| 650 |
|
0 |
|a Valuation profession and standard
|z Malaysia
|
| 710 |
1 |
|
|a The Board of Valuers Appraisers And Estate Agents Malaysia
|
| 999 |
|
|
|a 1000003714
|b BOOK
|c Reference
|e Default branch
|
| 999 |
|
|
|a 1000003940
|b BOOK
|c Open Shelf
|e Default branch
|
| 999 |
|
|
|a 1000003941
|b BOOK
|c Open Shelf
|e Default branch
|
| 999 |
|
|
|a 1000003942
|b BOOK
|c Open Shelf
|e Default branch
|
| 999 |
|
|
|a 1000003943
|b BOOK
|c Reference
|e Default branch
|
| 999 |
|
|
|a 1000003944
|b BOOK
|c Open Shelf
|e Default branch
|